| 000 | 01071nam a2200277 i 4500 | ||
|---|---|---|---|
| 003 | DO-SdBNP | ||
| 005 | 20240306073903.0 | ||
| 007 | ta | ||
| 008 | 240207b1997 dr abd|| |||| 00| 0 spa d | ||
| 020 | _a8482610082 | ||
| 040 |
_aDO-SdBNP _bspa _cBNPHU _erda |
||
| 082 | 4 | _222 | |
| 100 | 1 |
_aCassá, Roberto, _d1948- _eautor _910888 |
|
| 245 | 1 | 3 |
_aLa República Dominicana : _bdos siglos de historia, geografía y sociedad. 1er. curso. Segundo ciclo / _cRoberto Cassá, Carlos Andújar Persinal y Juan Manuel Romero Valiente ; dirección editorial Obdulia García de Escobar |
| 264 |
_aSanto Domingo : _bSantillana, _c1997. |
||
| 300 |
_a231 páginas : _bilustraciones, mapas y gráficos ; _c28 cm. |
||
| 336 |
_2rdacontent _atexto _btxt |
||
| 337 |
_2rdamedia _asin mediación _bn |
||
| 338 |
_2rdacarrier _avolumen _bnc |
||
| 590 | _aInventariado, 2024/BT | ||
| 700 |
_aAndújar Persinal, Carlos _984596 |
||
| 700 |
_aRomero Valiente, Juan Manuel _984874 |
||
| 700 | 1 |
_aGarcía Escobar, Obdulia de _edirección editorial _929220 |
|
| 910 | _aBtavárez | ||
| 942 |
_2ddc _cLBS1 |
||
| 999 |
_c55839 _d55839 |
||